000 00984nam a2200301 i 4500
003 EG-GICUC
005 20260416163710.0
008 260416s1937 ||||fr|||| 001 0 fre d
040 _aEG-GiCUC
_bfre
_cEG-GiCUC
_dEG-GiCUC
_eRda
041 0 _afre
082 0 4 _221
_a343.3
_bGO . C
092 0 4 _221
099 _aLaw1 10 343.3 GO . C 1937
110 _aGouvernement Royal Egyptien .
_bMinistère De La Justice
245 1 0 _aCode D' Instruction Criminelle Mixte /
_cMinistère De La Justice Gouvernement Royal Egyptien .
_nP . T . 10 .
264 3 _aLe Caire :
_bImprimerie Nationale,
_c1937.
300 _a141 page ;
_c 24 cm.
336 _2rda contenu
_a texte
337 _2rda medias
_aOrdinateur
338 _2 transporteur rda
_a Ressource en ligne
504 _aComprend un index.
546 _aTexte en français
650 1 _2qrmak
651 1 _2qrmak
856 4 0 _uhttps://fll.law.cu.edu.eg/fulltext/bks/B10-09082.pdf
905 _a165
942 _2ddc
_cBK
_e21
_n0
999 _c71513
_d71513